[Event "IND-ch U13"]
[Site "Secunderabad"]
[Date "2023.12.06"]
[Round "5"]
[White "Darshan, VPS"]
[Black "Siddhanth, Poonja"]
[Result "0-1"]
[WhiteElo "1670"]
[BlackElo "1806"]
[PlyCount "148"]
[EventDate "2023.12.04"]
[EventType "swiss"]
[EventRounds "11"]
[EventCountry "IND"]
[SourceTitle "EXT 2025"]
[Source "ChessBase"]
[SourceDate "2024.10.14"]
[SourceVersion "1"]
[SourceVersionDate "2024.10.14"]
[SourceQuality "1"]

1. e4 c5 2. Nf3 g6 3. c3 d5 4. exd5 Qxd5 5. d4 Bg7 6. Be3 cxd4 7. cxd4 Nf6 8. Be2 a6 9. Nc3 Qd6 10. 0-0 0-0 11. a3 b5 12. Ne5 Bb7 13. Bf3 Bxf3 14. Qxf3 Nbd7 15. Nxd7 Qxd7 16. Rfd1 Rfd8 17. d5 Qb7 18. Bd4 Rd7 19. Bxf6 Bxf6 20. Ne4 Qb6 21. Rd2 Be5 22. Ng5 Qf6 23. Qxf6 exf6 24. Nf3 Rc8 25. g3 Rc5 26. Rad1 Rd6 27. Ne1 f5 28. Kg2 a5 29. f4 Bf6 30. Nf3 a4 31. Ne5 Bd8 32. Nc6 Bb6 33. Rd3 Kg7 34. Nb4 Ba5 35. Nc6 Rc2+ 36. Kf3 Bb6 37. R1d2 Rc5 38. Rd1 h6 39. Ne7 Kf8 40. Nc6 Rc2 41. R1d2 Rc1 42. Rd1 Rc5 43. Nb4 Ba5 44. Nc6 Bb6 45. Nb4 Rc4 46. Nc6 g5 47. Ne5 Re4 48. R1d2 Re1 49. h3 h5 50. Nc6 g4+ 51. Kg2 Rg1+ 52. Kh2 h4 53. Nd4 Bxd4 54. Rxd4 Rxg3 55. hxg4 fxg4 56. f5 Kg7 57. Rc2 Kf6 58. Rc5 Ke5 59. Rd2 Rb3 60. Rc7 f6 61. Rc6 Rxd5 62. Re6+ Kxf5 63. Rxd5+ Kxe6 64. Rd2 Ke5 65. Kg2 f5 66. Re2+ Kd4 67. Rf2 Ke4 68. Rc2 f4 69. Kh1 h3 70. Kg1 g3 71. Kh1 f3 72. Kg1 f2+ 73. Kf1 h2 74. Kg2 f1Q+ 0-1

[Event "IND-ch U13"]
[Site "Secunderabad"]
[Date "2023.12.06"]
[Round "4"]
[White "Venkat, Raghav"]
[Black "Darshan, VPS"]
[Result "0-1"]
[WhiteElo "2205"]
[BlackElo "1670"]
[PlyCount "150"]
[EventDate "2023.12.04"]
[EventType "swiss"]
[EventRounds "11"]
[EventCountry "IND"]
[SourceTitle "EXT 2025"]
[Source "ChessBase"]
[SourceDate "2024.10.14"]
[SourceVersion "1"]
[SourceVersionDate "2024.10.14"]
[SourceQuality "1"]

1. e4 c5 2. Nf3 Nc6 3. d4 cxd4 4. Nxd4 Nf6 5. Nc3 e5 6. Ndb5 d6 7. Bg5 a6 8. Na3 b5 9. Nd5 Be7 10. Bxf6 Bxf6 11. c3 0-0 12. Nc2 Bg5 13. a4 bxa4 14. Rxa4 a5 15. Bc4 Rb8 16. b3 Kh8 17. 0-0 f5 18. exf5 Bxf5 19. Nce3 Bg6 20. Re1 Bh4 21. Ra2 a4 22. b4 e4 23. Nf1 Ne5 24. Ba6 Qd7 25. Ng3 Bf7 26. c4 Bxd5 27. cxd5 Bxg3 28. hxg3 Rxb4 29. Qd2 Rfb8 30. Rc1 h6 31. Qc2 Qa7 32. Be2 Rf8 33. Bh5 Nd3 34. Rf1 Qc5 35. Qd2 Qxd5 36. Be2 Rd4 37. Bxd3 Rxd3 38. Qe2 Ra8 39. Rfa1 Qc6 40. Qg4 d5 41. Qf5 Rc3 42. Rxa4 Rc1+ 43. Rxc1 Qxc1+ 44. Kh2 Rxa4 45. Qf8+ Kh7 46. Qf5+ Kg8 47. Qe6+ Kf8 48. Qd6+ Ke8 49. Qe6+ Kd8 50. Qd6+ Kc8 51. Qe6+ Kc7 52. Qe5+ Kb7 53. Qxd5+ Qc6 54. Qf7+ Ka6 55. Qxg7 Ra5 56. Qf7 Rd5 57. g4 Kb6 58. Qg7 Qc7+ 59. Qxc7+ Kxc7 60. Kg3 Re5 61. Kf4 Kd6 62. g3 Kd5 63. Ke3 Rg5 64. Kf4 Kd4 65. f3 exf3 66. Kxf3 Ke5 67. Kg2 Rxg4 68. Kh3 h5 69. Kh2 Ke4 70. Kg2 Ke3 71. Kh3 Kf3 72. Kh2 Rxg3 73. Kh1 Kf2 74. Kh2 h4 75. Kh1 Rh3# 0-1